Country that only needs one Chinese character - Statistics

General Stats
  • This quiz has been taken 165 times
  • The average score is 8 of 9
Answer Stats
Character+Kuo(國) Pinyin Literal Translation Answer % Correct
"中"國 Zhong Country of Center China
100%
"美"國 Mei Country of Beauty United States
99%
"英"國 Ying Country of Bravery United Kingdom
95%
"法"國 Fa Country of Law France
94%
"德"國 De Country of Morality Germany
90%
"韓"國 Han Country of Fence (South) Korea
86%
"俄"國 E Country of Suddenness Russia
77%
"泰"國 Tai Country of Peace Thailand
77%
"寮"國 Liao Country of Hut Laos
58%
No matching quizzes found
Score Distribution
Percent of People with Each Score
Percentile by Number Answered
Your Score History
You have not taken this quiz